| 000 | 00775nam0a22002531 4500 | ||
|---|---|---|---|
| 001 | rc\294580 | ||
| 005 | 20030307121210.2 | ||
| 010 |
_a5-260-00044-7 _950000 |
||
| 035 | _a(NLR Aleph) 005525383 | ||
| 090 |
_a5552446 _c5552446 |
||
| 100 | _a20030307d1990 u |0rusy50 ca | ||
| 101 | 0 | _arus | |
| 102 | _aRU | ||
| 105 | _aa ||||||||| | ||
| 200 | 1 | _aТомат: возделывание и переработка | |
| 210 |
_aМ. _cРосагропромиздат _d1990 |
||
| 215 |
_a188, [2] с. _cил. _d20 |
||
| 700 | 1 |
_aГавриш _bС. Ф. _gСергей Федорович |
|
| 701 | 1 |
_aГалкина _bС. Н. _gСветлана Николаевна |
|
| 801 | 0 |
_aRU _bNLR _gpsbo |
|
| 801 | 1 |
_aRU _bELAR _2rusmarc |
|
| 852 |
_aNLR _j90-3/12459 |
||
| 942 | _cBOOK | ||
| 980 | _aNB | ||